<?xml version="1.0" encoding="UTF-8"?>
<record
    xmlns:xsi="http://www.w3.org/2001/XMLSchema-instance"
    xsi:schemaLocation="http://www.loc.gov/MARC21/slim http://www.loc.gov/standards/marcxml/schema/MARC21slim.xsd"
    xmlns="http://www.loc.gov/MARC21/slim">

  <leader>00662nam a22002057a 4500</leader>
  <datafield tag="999" ind1=" " ind2=" ">
    <subfield code="c">57874</subfield>
    <subfield code="d">57874</subfield>
  </datafield>
  <controlfield tag="005">20200128131149.0</controlfield>
  <datafield tag="010" ind1=" " ind2=" ">
    <subfield code="a">UR-7980   B-429290</subfield>
  </datafield>
  <datafield tag="020" ind1=" " ind2=" ">
    <subfield code="c">200.00</subfield>
    <subfield code="a">9788180421822</subfield>
  </datafield>
  <datafield tag="035" ind1=" " ind2=" ">
    <subfield code="a">U-6535</subfield>
  </datafield>
  <datafield tag="035" ind1=" " ind2=" ">
    <subfield code="a">B-429290</subfield>
  </datafield>
  <datafield tag="037" ind1=" " ind2=" ">
    <subfield code="b">DBAD/PUB</subfield>
  </datafield>
  <datafield tag="082" ind1=" " ind2=" ">
    <subfield code="a">844</subfield>
  </datafield>
  <datafield tag="100" ind1=" " ind2=" ">
    <subfield code="a">&#x627; &#x62D;&#x62A;&#x634;&#x627; &#x645; &#x627; &#x62E;&#x62A;&#x631; </subfield>
  </datafield>
  <datafield tag="245" ind1=" " ind2=" ">
    <subfield code="a">&#x627; &#x646;&#x62F; &#x627; &#x632; &#x646;&#x638;&#x631;   /</subfield>
    <subfield code="c">&#x627; &#x62D;&#x62A;&#x634;&#x627; &#x645; &#x627; &#x62E;&#x62A;&#x631; </subfield>
  </datafield>
  <datafield tag="246" ind1=" " ind2=" ">
    <subfield code="a">Andaz-e-Nazar /</subfield>
    <subfield code="b">by Ehtesham Akhtar</subfield>
  </datafield>
  <datafield tag="260" ind1=" " ind2=" ">
    <subfield code="a">&#x62F;&#x6C1;&#x644;&#x6CC;</subfield>
    <subfield code="c">2010 &#x621;</subfield>
    <subfield code="b">&#x645;&#x648; &#x688; &#x631; &#x646; &#x67E;&#x628;&#x644;&#x634;&#x646;&#x6AF; &#x6C1;&#x627; &#x624; &#x633;</subfield>
  </datafield>
  <datafield tag="270" ind1=" " ind2=" ">
    <subfield code="a">9,Gola Market, Darya Ganj,New Delhi -2</subfield>
    <subfield code="b">Delhi</subfield>
    <subfield code="e">110002</subfield>
    <subfield code="k">011-23278869</subfield>
  </datafield>
  <datafield tag="300" ind1=" " ind2=" ">
    <subfield code="a">160p.</subfield>
    <subfield code="c">22cm(Hb)</subfield>
  </datafield>
  <datafield tag="942" ind1=" " ind2=" ">
    <subfield code="2">ddc</subfield>
    <subfield code="c">UR</subfield>
    <subfield code="h">844</subfield>
    <subfield code="m">&#x627; &#x62E; &#x62A; </subfield>
  </datafield>
  <datafield tag="952" ind1=" " ind2=" ">
    <subfield code="0">0</subfield>
    <subfield code="1">0</subfield>
    <subfield code="2">ddc</subfield>
    <subfield code="4">0</subfield>
    <subfield code="7">0</subfield>
    <subfield code="8">NFIC</subfield>
    <subfield code="a">DBAD</subfield>
    <subfield code="b">DBAD</subfield>
    <subfield code="d">2011-10-28</subfield>
    <subfield code="e">DBAD / PUB</subfield>
    <subfield code="g">200.00</subfield>
    <subfield code="l">0</subfield>
    <subfield code="o">844 &#x627; &#x62D; &#x62A;</subfield>
    <subfield code="p">U-6535</subfield>
    <subfield code="r">2011-10-28 00:00:00</subfield>
    <subfield code="t">1</subfield>
    <subfield code="v">200.00</subfield>
    <subfield code="w">2011-10-28</subfield>
    <subfield code="y">UR</subfield>
  </datafield>
  <datafield tag="952" ind1=" " ind2=" ">
    <subfield code="0">0</subfield>
    <subfield code="1">0</subfield>
    <subfield code="4">0</subfield>
    <subfield code="7">0</subfield>
    <subfield code="8">NFIC</subfield>
    <subfield code="a">L</subfield>
    <subfield code="b">L</subfield>
    <subfield code="d">2012-11-20</subfield>
    <subfield code="e">KKP/B.NO.141/23.3.2011</subfield>
    <subfield code="g">200.00</subfield>
    <subfield code="l">1</subfield>
    <subfield code="o">844 &#x627; &#x62E; &#x62A;</subfield>
    <subfield code="p">B-429290</subfield>
    <subfield code="r">2017-11-22 00:00:00</subfield>
    <subfield code="s">2017-11-18</subfield>
    <subfield code="t">1</subfield>
    <subfield code="v">200.00</subfield>
    <subfield code="y">UR</subfield>
  </datafield>
  <datafield tag="952" ind1=" " ind2=" ">
    <subfield code="0">0</subfield>
    <subfield code="1">0</subfield>
    <subfield code="2">ddc</subfield>
    <subfield code="4">0</subfield>
    <subfield code="7">0</subfield>
    <subfield code="8">NFIC</subfield>
    <subfield code="a">M</subfield>
    <subfield code="b">M</subfield>
    <subfield code="d">2012-11-20</subfield>
    <subfield code="e">KKP/B.NO.141/23.3.2011</subfield>
    <subfield code="g">200.00</subfield>
    <subfield code="l">0</subfield>
    <subfield code="o">844 &#x627; &#x62D; &#x62A;</subfield>
    <subfield code="p">b-429291</subfield>
    <subfield code="r">2012-11-20 00:00:00</subfield>
    <subfield code="t">1</subfield>
    <subfield code="v">200.00</subfield>
    <subfield code="w">2012-11-20</subfield>
    <subfield code="y">UR</subfield>
  </datafield>
  <datafield tag="952" ind1=" " ind2=" ">
    <subfield code="0">0</subfield>
    <subfield code="1">0</subfield>
    <subfield code="2">ddc</subfield>
    <subfield code="4">0</subfield>
    <subfield code="7">0</subfield>
    <subfield code="8">NFIC</subfield>
    <subfield code="a">BL1</subfield>
    <subfield code="b">BL1</subfield>
    <subfield code="d">2012-11-20</subfield>
    <subfield code="e">KKP/B.NO.141/23.3.2011</subfield>
    <subfield code="g">200.00</subfield>
    <subfield code="l">2</subfield>
    <subfield code="m">1</subfield>
    <subfield code="o">844 &#x627; &#x62D; &#x62A;</subfield>
    <subfield code="p">B-429292</subfield>
    <subfield code="r">2023-10-31 00:00:00</subfield>
    <subfield code="s">2023-10-16</subfield>
    <subfield code="t">1</subfield>
    <subfield code="v">200.00</subfield>
    <subfield code="y">UR</subfield>
  </datafield>
  <datafield tag="952" ind1=" " ind2=" ">
    <subfield code="0">0</subfield>
    <subfield code="1">0</subfield>
    <subfield code="2">ddc</subfield>
    <subfield code="4">0</subfield>
    <subfield code="7">0</subfield>
    <subfield code="8">NFIC</subfield>
    <subfield code="a">BL3</subfield>
    <subfield code="b">BL3</subfield>
    <subfield code="d">2012-11-20</subfield>
    <subfield code="e">KKP/B.NO.141/23.3.2011</subfield>
    <subfield code="g">200.00</subfield>
    <subfield code="l">0</subfield>
    <subfield code="o">844 &#x627; &#x62D; &#x62A;</subfield>
    <subfield code="p">B-429293</subfield>
    <subfield code="r">2012-11-20 00:00:00</subfield>
    <subfield code="t">1</subfield>
    <subfield code="v">200.00</subfield>
    <subfield code="w">2012-11-20</subfield>
    <subfield code="y">UR</subfield>
  </datafield>
  <datafield tag="952" ind1=" " ind2=" ">
    <subfield code="0">0</subfield>
    <subfield code="1">0</subfield>
    <subfield code="2">ddc</subfield>
    <subfield code="4">0</subfield>
    <subfield code="7">0</subfield>
    <subfield code="8">NFIC</subfield>
    <subfield code="a">BL4</subfield>
    <subfield code="b">BL4</subfield>
    <subfield code="d">2012-11-20</subfield>
    <subfield code="e">KKP/B.NO.141/23.3.2011</subfield>
    <subfield code="g">200.00</subfield>
    <subfield code="l">0</subfield>
    <subfield code="o">844 &#x627; &#x62D; &#x62A;</subfield>
    <subfield code="p">B-429294</subfield>
    <subfield code="r">2012-11-20 00:00:00</subfield>
    <subfield code="t">1</subfield>
    <subfield code="v">200.00</subfield>
    <subfield code="w">2012-11-20</subfield>
    <subfield code="y">UR</subfield>
  </datafield>
</record>
